| 000 | 00697nam a22001937a 4500 | ||
|---|---|---|---|
| 999 |
_c18417 _d18417 |
||
| 003 | AR-CdUCM | ||
| 008 | 190513b ||||| |||| 00| 0 spa d | ||
| 040 |
_aMUNICIPALIDAD PROVINCIAL DEL CUSCO _cBIBLIOTECA MUNICIPAL DEL CUSCO |
||
| 082 |
_a511.3 / _bF39 |
||
| 100 |
_aFerrater Mora, José _916378 |
||
| 245 | _aLógica matemática / | ||
| 260 |
_aMéxico, D.F : _bFondo de Cultura Económica _c2005. |
||
| 300 |
_a227 paginas ; _c20 cm. |
||
| 505 | _aContenido :Naturaleza de la lógica --Lógica sentencial --Lógica cuantificasional --Lógica de la identidad ... | ||
| 650 |
_aLógica simbólica _938991 |
||
| 650 |
_aMatemática _919387 |
||
| 942 |
_2ddc _cLIBROS |
||
| 945 |
_arjall _d2019-05-13 |
||